A kaleidoscopic survey of Jayakanthan's prefaces to his short stories / (Record no. 16857)

MARC details
000 -LEADER
fixed length control field 00927nam a2200241 a 4500
005 - DATE AND TIME OF LATEST TRANSACTION
control field 20070119085348.0
008 - FIXED-LENGTH DATA ELEMENTS--GENERAL INFORMATION
fixed length control field 060831s2006 ii b 000 0 eng
010 ## - LCCN (DPL NO)
LC control number ENG-91361
020 ## - INTERNATIONAL STANDARD BOOK NUMBER
Terms of availability 65.00
035 ## - SYSTEM CONTROL NUMBER
System control number EN-74894
037 ## - SOURCE OF ACQUISITION
Source of stock number/acquisition DBAD / PUB
040 ## - CATALOGING SOURCE
Original cataloging agency dpl
Language of cataloging English
082 ## - DEWEY DECIMAL CLASSIFICATION NUMBER
Classification number 883.08
100 ## - MAIN ENTRY--PERSONAL NAME
Personal name Hemalatha, S.
245 ## - TITLE STATEMENT
Title A kaleidoscopic survey of Jayakanthan's prefaces to his short stories /
Statement of responsibility, etc by S. Hemalatha
260 ## - PUBLICATION, DISTRIBUTION, ETC. (IMPRINT)
Place of publication, distribution, etc Chennai
Name of publisher, distributor, etc Today Publication
Date of publication, distribution, etc 2005
300 ## - PHYSICAL DESCRIPTION
Extent 101p.
Dimensions 20cm (pbk)
500 ## - GENERAL NOTE
General note Includes bibliographical references
520 ## - SUMMARY, ETC.
Summary, etc History of Kashmiri Pandits and Kashmir, India.
600 ## - SUBJECT ADDED ENTRY--PERSONAL NAME
Personal name Jayakanthan, 1934-
General subdivision Criticism and interpretation.
942 ## - ADDED ENTRY ELEMENTS (KOHA)
Source of classification or shelving scheme Dewey Decimal Classification
Item type English Books
Call number suffix HEM
Classification part 883.08
Holdings
Withdrawn status Lost status Source of classification or shelving scheme Damaged status Not for loan Collection code Home library Current library Date acquired Source of acquisition Cost, normal purchase price Total Checkouts Full call number Barcode Date last seen Copy number Cost, replacement price Koha item type
    Dewey Decimal Classification   Not For Loan Non-fiction D.B.Act.Division D.B.Act.Division 17/10/2008 DBAD / PUB 65.00   883.08 HEM EN-74894 17/10/2008 1 65.00 English Books

© Delhi Public Library
Hit Counter
free hit counter